QUEST Central Library Banner

Performance Analysis Of Multi-Stage Steam Turbine 9.8MW At Habib suger Mills nawabshah (Record no. 58122)

MARC details
000 -LEADER
fixed length control field 00273nam a22000977a 4500
082 ## - DEWEY DECIMAL CLASSIFICATION NUMBER
Classification number R/3ME14
100 ## - MAIN ENTRY--AUTHOR NAME
Personal name Abrar Rasool
245 ## - TITLE STATEMENT
Title Performance Analysis Of Multi-Stage Steam Turbine 9.8MW At Habib suger Mills nawabshah
260 ## - PUBLICATION, DISTRIBUTION, ETC. (IMPRINT)
Place of publication nawabshah
Name of publisher Quest
Year of publication 2017
942 ## - ADDED ENTRY ELEMENTS (KOHA)
Koha item type Thesis and Dissertation
Holdings
Withdrawn status Lost status Home library Current library Date acquired Full call number Accession Number Koha item type
    Central Library, QUEST, Nawabshah Multimedia Section 14/02/2018 R/3ME14 MEP/30-375 Thesis and Dissertation

Copyright © 2018,The QUEST, Nawabshah, Shaheed Benazirabad. All rights reserved
Mr. G. Farooq Channar (Librarian) QUEST, Nawabshah, Sindh, Pakistan 67480.
 Ph#: |   0244-9370381-4 Ext. 2308   Email| lib@quest.edu.pk   Web|  http://www.quest.edu.pk